[Event "Challenge"]
[Site "http://www.queenalice.com/game.php?id=1068694"]
[Date "2012.6.6"]
[Round "-"]
[White "MONSTERXADREZ"]
[Black "Lenz"]
[Result "0-1"]
[WhiteElo "1488"]
[BlackElo "1021"]

1. Nf3 Nc6 2. g3 e5 3. Bg2 a5 4. O-O Nh6 5. c4 Bd6 6. b3 O-O 7. a3 Nf5 8. Qc2 g6
9. e4 Nfd4 10. Qd1 a4 11. bxa4 Na5 12. Nc3 c5 13. Nb5 Qe7 14. d3 Ndb3 15. Rb1 b6
16. Nd2 Ba6 17. Nxb3 Nxb3 18. Rxb3 f5 19. exf5 Rxf5 20. g4 Rff8 21. d4 cxd4 22.
Bh6 e4 23. Re1 e3 24. fxe3 dxe3 25. Nxd6 Rf2 26. Rexe3 Qh4 27. Rh3 Qf6 28. g5
Qe5 29. Rxb6 Raf8 30. Rf3 R8xf3 31. Bxf3 Qxh2# 0-1

[Event "Challenge"]
[Site "http://www.queenalice.com/game.php?id=1068708"]
[Date "2012.6.6"]
[Round "-"]
[White "MONSTERXADREZ"]
[Black "Lenz"]
[Result "1-0"]
[WhiteElo "1488"]
[BlackElo "1021"]

1. d4 d5 2. Nf3 c6 3. e3 Be6 4. b3 Na6 5. c4 Qa5+ 6. Qd2 Qxd2+ 7. Bxd2 O-O-O 8.
c5 Nf6 9. b4 g5 10. b5 Nb4 11. Bxb4 Ne4 12. bxc6 bxc6 13. Ne5 Bf5 14. Nxf7 Bg7
15. Ba6+ Kb8 16. Nxd8 Rxd8 17. Ba5 Rf8 18. O-O g4 19. f3 gxf3 20. Rxf3 Ng5 21.
Rg3 h6 22. Nc3 Ne4 23. Nxe4 dxe4 24. Rxg7 e5 25. Rb1+ Ka8 26. Bb7+ Kb8 27. Bc7#
1-0

[Event "Challenge"]
[Site "http://www.queenalice.com/game.php?id=1069369"]
[Date "2012.6.7"]
[Round "-"]
[White "El_Montes"]
[Black "Lenz"]
[Result "1-0"]
[WhiteElo "1688"]
[BlackElo "1021"]

1. e4 e5 2. Bc4 Na6 3. Qh5 g6 4. Qxe5+ Ne7 5. Qxh8 c6 6. Qxh7 d5 7. exd5 cxd5 8.
Bd3 Qd6 9. Ne2 Be6 10. Bb5+ Nc6 11. d4 Qb4+ 12. Nbc3 Qa5 13. Bf4 Nb4 14. O-O
O-O-O 15. a4 Nxc2 16. Rad1 Bg4 17. Qxf7 Ne7 18. Nxd5 Nxd5 19. Rc1 Bf5 20. Ng3 a6
21. Nxf5 gxf5 22. Qxf5+ Rd7 23. Qxd7# 1-0

[Event "Challenge"]
[Site "http://www.queenalice.com/game.php?id=1069450"]
[Date "2012.6.8"]
[Round "-"]
[White "attiliottone"]
[Black "Lenz"]
[Result "1-0"]
[WhiteElo "1185"]
[BlackElo "1100"]

1. e4 e5 2. Nf3 d6 3. Bc4 Be6 4. b3 Nc6 5. O-O Qf6 6. Na3 O-O-O 7. d3 h5 8.
Bxe6+ fxe6 9. Ng5 Nd4 10. f4 exf4 11. Rxf4 Qe5 12. Nf3 d5 13. Nxe5 Bc5 14. Nf7
Nf3+ 15. Kf1 Nxh2+ 16. Ke1 Ng4 17. Nxh8 Bf2+ 18. Ke2 N8f6 19. Nf7 Rf8 20. Ng5 d4
21. Nxe6 Re8 22. Nxg7 Re7 23. Nb5 Rxg7 24. Nxa7+ Kb8 25. Qd2 Kxa7 26. Qa5+ Kb8
27. Rf5 b6 28. Qd2 Be3 29. Qe1 Bf2 30. Qb4 c5 31. Qxb6+ Kc8 32. Qc6+ Rc7 33.
Qa8+ Kd7 34. e5 Nd5 35. Qxd5+ Ke7 36. Rxh5 Nf6 37. Bg5 Kf8 38. Bxf6 c4 39. Qxc4
Rf7 40. Rh8# 1-0

[Event "Challenge"]
[Site "http://www.queenalice.com/game.php?id=1072222"]
[Date "2012.6.15"]
[Round "-"]
[White "attiliottone"]
[Black "Lenz"]
[Result "1-0"]
[WhiteElo "1242"]
[BlackElo "1021"]

1. d4 Nc6 2. Nc3 e5 3. dxe5 Nxe5 4. f4 Ng4 5. Ne4 Qh4+ 6. g3 Qh5 7. e3 d5 8. c4
dxe4 9. Qe2 Bb4+ 10. Bd2 c5 11. h3 N4f6 12. g4 Qh4+ 13. Kd1 Bd7 14. g5 Ba4+ 15.
b3 Rd8 16. Nf3 Qh5 17. Nd4 Qxe2+ 18. Bxe2 Bd7 19. gxf6 gxf6 20. a3 cxd4 21. axb4
dxe3 22. Bxe3 Ba4+ 23. Kc2 Bc6 24. Rxa7 Ne7 25. b5 Bd7 26. Rxb7 O-O 27. Rg1+ Ng6
28. Rb6 Be6 29. Bc5 Bf5 30. Rxf6 e3+ 31. Rxf5 Ra8 32. Rh1 Ra2+ 33. Kb1 Rxe2 34.
Bxf8 Kxf8 35. b6 Ne7 36. Rc5 f5 37. b7 Kf7 38. b8=Q Rd2 39. Qh8 Ng6 40. Qxh7+
Kf6 41. Rc6+ Rd6 42. Rxd6# 1-0

[Event "Challenge"]
[Site "http://www.queenalice.com/game.php?id=1073682"]
[Date "2012.6.19"]
[Round "-"]
[White "MONSTERXADREZ"]
[Black "Lenz"]
[Result "1-0"]
[WhiteElo "1507"]
[BlackElo "1021"]

1. d4 Nc6 2. Nf3 Nf6 3. Nc3 g6 4. e4 a6 5. g3 h5 6. Bg2 Bh6 7. e5 Ne4 8. Nxe4 d5
9. Nc5 f6 10. e6 g5 11. Qd3 Nb4 12. Qg6+ Kf8 13. Qf7# 1-0

[Event "Challenge"]
[Site "http://www.queenalice.com/game.php?id=1074135"]
[Date "2012.6.20"]
[Round "-"]
[White "Lenz"]
[Black "MONSTERXADREZ"]
[Result "0-1"]
[WhiteElo "1001"]
[BlackElo "1543"]

1. e4 Nf6 2. Bc4 Nxe4 3. Qh5 g6 4. Qe5 Nf6 5. Ne2 d6 6. Qb5+ c6 7. Qa4 a6 8.
Nbc3 Bg7 9. O-O O-O 10. d4 d5 11. Bd3 b5 12. Qa3 a5 13. b4 a4 14. Bf4 Nbd7 15.
Nd1 Nb6 16. Ne3 Qd7 17. h3 Qe6 18. Qc1 a3 19. g4 Ra4 20. c3 Bd7 21. Bc7 Na8 22.
Bf5 gxf5 23. gxf5 Qe4 24. Ng3 Qh4 25. Kh2 Nxc7 26. Rb1 e6 27. fxe6 Bxe6 28. Nef5
Bd7 29. Ne7+ Kh8 30. Qe3 Qxh3+ 31. Kg1 Ng4 32. Qf3 Qh2# 0-1

[Event "Challenge"]
[Site "http://www.queenalice.com/game.php?id=1074136"]
[Date "2012.6.20"]
[Round "-"]
[White "MONSTERXADREZ"]
[Black "Lenz"]
[Result "0-1"]
[WhiteElo "1536"]
[BlackElo "1046"]

1. d4 e6 2. e4 Bb4+ 3. c3 Ba5 4. Nf3 f5 5. e5 Ne7 6. b4 Bb6 7. g3 O-O 8. Bg2 d5
9. O-O Nbc6 10. b5 Na5 11. Bg5 h6 12. Bf4 Ng6 13. Be3 f4 14. gxf4 Nxf4 15. Bxf4
Rxf4 16. Qd2 Qf8 17. Qd3 a6 18. bxa6 bxa6 19. Nbd2 g5 20. a4 g4 21. Qg6+ Qg7 22.
Qe8+ Rf8 23. Qh5 Bd7 24. Ne1 Be8 25. Qh4 c6 26. Rb1 Rb8 27. Nb3 Bd8 28. Qg3 h5
29. Nd2 Bg6 30. Rxb8 Bc7 31. Rxf8+ Qxf8 32. Nd3 Bxd3 33. Re1 Qf5 34. c4 Nxc4 35.
Nb3 Bd8 36. Nc5 Bc2 37. Nxa6 h4 38. Qxh4 Bxh4 39. Rf1 Nd2 40. Re1 Bxf2+ 41. Kh1
Bxe1 42. Nc5 Nf1 43. Nd7 Be4 44. Nf6+ Kg7 45. Ne8+ Kg6 46. Nd6 Bxg2+ 47. Kxg2
Qf2+ 48. Kh1 Qxh2# 0-1

[Event "Challenge"]
[Site "http://www.queenalice.com/game.php?id=1074724"]
[Date "2012.6.21"]
[Round "-"]
[White "El_Montes"]
[Black "Lenz"]
[Result "1-0"]
[WhiteElo "1690"]
[BlackElo "1046"]

1. e4 e5 2. Bc4 Nf6 3. a3 Bc5 4. Nh3 Nc6 5. Qf3 O-O 6. Qg3 Nxe4 7. Qf3 d5 8. Be2
Nd4 9. Qh5 Nf6 10. Qxe5 Re8 11. Qf4 Bd6 12. Qxd4 c5 13. Qd3 c4 14. Qd4 Re4 15.
Qc3 Be5 16. Qf3 Bg4 17. Qxe4 dxe4 18. Bxc4 Qb6 19. Ng5 e3 20. dxe3 Qa5+ 21. Bd2
Qc5 22. b3 h6 23. Nxf7 Bh5 24. Nxe5+ Kf8 25. Bb4 Qxb4+ 26. axb4 Re8 27. Nd3 Ne4
28. Rxa7 Re7 29. Bb5 g5 30. f3 Nf6 31. O-O Rxe3 32. Rxb7 g4 33. Rb8+ Ke7 34.
fxg4 Bxg4 35. Nc3 Nh5 36. Nd5+ Ke6 37. Nxe3 Be2 38. Rb6+ Ke7 39. Nd5+ Kd8 40.
Rb8# 1-0

[Event "Challenge"]
[Site "http://www.queenalice.com/game.php?id=1075469"]
[Date "2012.6.23"]
[Round "-"]
[White "Cuyo"]
[Black "Lenz"]
[Result "1-0"]
[WhiteElo "1313"]
[BlackElo "1038"]

1. Nf3 Nc6 2. d4 d5 3. c4 e6 4. a3 g5 5. Bxg5 f6 6. Bf4 Bh6 7. g3 e5 8. Bxh6
Nxh6 9. dxe5 fxe5 10. cxd5 Ne7 11. Qc1 Neg8 12. e4 b6 13. Nxe5 Nf7 14. Qc6+ Bd7
15. Nxd7 Ne7 16. Nf6+ Kf8 17. Qb7 a5 18. e5 Nxe5 19. d6 cxd6 20. Qe4 Rc8 21. Nd2
Rg8 22. Nxg8 Nxg8 23. Bh3 d5 24. Qxe5 Qe8 25. f4 Nh6 26. Bxc8 Qxc8 27. Qh8+ Ng8
28. O-O Qc5+ 29. Kg2 d4 30. Qxh7 Qc6+ 31. Qe4 Qxe4+ 32. Nxe4 Nh6 33. f5 d3 34.
Rad1 Nxf5 35. Rxd3 Kg7 36. Rxf5 Kg6 37. g4 b5 38. Rd6+ Kh7 39. Ng5+ 1-0

[Event "Challenge"]
[Site "http://www.queenalice.com/game.php?id=1077200"]
[Date "2012.6.28"]
[Round "-"]
[White "claudius46"]
[Black "Lenz"]
[Result "1-0"]
[WhiteElo "1460"]
[BlackElo "1046"]

1. e4 e5 2. Qf3 Nf6 3. Nh3 d6 4. Bc4 Be6 5. Bxe6 fxe6 6. Ng5 Qd7 7. d3 a5 8. Qh3
h6 9. Nxe6 Nc6 10. Bg5 hxg5 11. Qxh8 Qxe6 12. Nc3 O-O-O 13. Qh3 g4 14. Qe3 Nb4
15. O-O-O Nxa2+ 16. Nxa2 Qxa2 17. Qa7 d5 18. Qa8+ Kd7 19. Qxb7 Bb4 20. c3 Bd6
21. Kd2 dxe4 22. Ra1 e3+ 23. fxe3 Qe6 24. Qb5+ c6 25. Qb7+ Ke8 26. Rxa5 Qd5 27.
Rxd5 Nxd5 28. Rf1 Nc7 29. Rf5 e4 30. Qxc6+ Rd7 31. Qxe4+ Be7 32. Qa4 Bd6 33.
Qe4+ Be7 34. Rg5 Kd8 35. Rh5 g3 36. hxg3 g5 37. Qb7 Bd6 38. Rxg5 Ne6 39. Qa8+
Kc7 40. Qa7+ Kd8 41. Qa5+ Nc7 42. e4 Be7 43. Rg8+ Bf8 44. Rxf8+ Ke7 45. Qf5 Nd5
46. Rf7+ Kd6 47. Qxd7+ Kc5 48. Qa7+ Nb6 49. Rf6 Kb5 50. Qxb6+ Ka4 51. Qb4# 1-0

[Event "Challenge"]
[Site "http://www.queenalice.com/game.php?id=1080270"]
[Date "2012.7.7"]
[Round "-"]
[White "Lenz"]
[Black "MONSTERXADREZ"]
[Result "0-1"]
[WhiteElo "1046"]
[BlackElo "1540"]

1. e4 e5 2. Bc4 Be7 3. Nf3 Bf6 4. c3 Ne7 5. O-O O-O 6. h3 c6 7. b4 d5 8. Bb3
dxe4 9. Ne1 a5 10. d3 exd3 11. Nxd3 axb4 12. cxb4 e4 13. Qh5 g6 14. Qh6 exd3 15.
Bf4 Bxa1 16. Bxb8 Rxb8 17. Re1 Nf5 18. Qf4 Bd7 19. g4 Re8 20. Rxe8+ Qxe8 21.
gxf5 Bxf5 22. Qh6 Qe1+ 23. Kg2 Be4+ 24. Kg3 Be5+ 25. Kh4 Bf6+ 26. Kg4 Qe2+ 27.
Kg3 Qf3+ 28. Kh2 Qg2# 0-1

[Event "Challenge"]
[Site "http://www.queenalice.com/game.php?id=1081584"]
[Date "2012.7.11"]
[Round "-"]
[White "MONSTERXADREZ"]
[Black "Lenz"]
[Result "1-0"]
[WhiteElo "1606"]
[BlackElo "1046"]

1. d4 d5 2. e3 Nc6 3. Bd2 Bf5 4. Bc3 Nf6 5. Be2 e6 6. g4 Be4 7. f3 Bg6 8. g5 Nh5
9. Nd2 Qxg5 10. f4 Qh4+ 11. Kf1 O-O-O 12. Ndf3 Qe7 13. Ng5 h6 14. N5f3 Na5 15.
Bxa5 b6 16. Bc3 f5 17. Ne5 Qf6 18. Nc6 Rd6 19. Nxa7+ Kb8 20. Nb5 Qh4 21. h3 Ng3+
22. Kg2 Nxh1 23. Kxh1 Rd7 24. Nf3 Qh5 25. Qf1 c6 26. Ne5 Rb7 27. Bxh5 Bxh5 28.
Nxc6+ Ka8 29. Nd8 Be7 30. Nxb7 Kxb7 31. a4 g5 32. a5 bxa5 33. Rxa5 Ra8 34. fxg5
hxg5 35. Qa1 Rxa5 36. Qxa5 Bf3+ 37. Kg1 Bd8 38. Qa7+ Kc8 39. Nd6# 1-0

[Event "Challenge"]
[Site "http://www.queenalice.com/game.php?id=1082620"]
[Date "2012.7.14"]
[Round "-"]
[White "El_Montes"]
[Black "Lenz"]
[Result "1-0"]
[WhiteElo "1673"]
[BlackElo "1046"]

1. e4 e5 2. Bc4 g6 3. Qf3 Nf6 4. Ne2 d6 5. h3 c5 6. Nec3 Qa5 7. Nd5 Nxd5 8. Bxd5
Be6 9. Bxb7 Nd7 10. Bxa8 Nb6 11. Bb7 h5 12. Nc3 Na4 13. Nd5 Bh6 14. Bc6+ Bd7 15.
Nf6+ Kd8 16. Nxd7 Qa6 17. Qf6+ Kc7 18. Qxh8 Kxc6 19. Nb8+ Kb5 20. Nxa6 Kxa6 21.
Qxh6 Nb6 22. d3 Nd7 23. Qd2 Kb6 24. c3 Nf6 25. f3 a5 26. a4 Ng4 27. hxg4 hxg4
28. fxg4 g5 29. Qxg5 Kc7 30. Rh7 c4 31. Rxf7+ Kc6 32. dxc4 Kc5 33. b3 d5 34.
Qe7+ Kb6 35. Qd6# 1-0

[Event "Challenge"]
[Site "http://www.queenalice.com/game.php?id=1082621"]
[Date "2012.7.14"]
[Round "-"]
[White "Lenz"]
[Black "El_Montes"]
[Result "1-0"]
[WhiteElo "1046"]
[BlackElo "1673"]

1. Nf3 e6 2. c3 Nc6 3. Qa4 e5 4. d4 exd4 5. cxd4 d5 6. Bf4 h6 7. Nc3 Bf5 8.
O-O-O Bd6 9. Bxd6 Qxd6 10. Nb5 Qf4+ 11. e3 Qe4 12. Bd3 Qg4 13. Nxc7+ Kd7 14.
Nxa8 Qxg2 15. Nh4 Qxf2 16. Bxf5+ Ke7 17. Qa3+ Kf6 18. Qd6+ Kg5 19. Rhg1+ Kxh4
20. Rg4+ Kh5 21. Rdg1 Qxe3+ 22. Kb1 Nf6 23. R4g3 Qxd4 24. Rh3+ Qh4 25. Rxh4+
Kxh4 26. Qf4+ Kh5 27. Bg4+ Kg6 28. Bf5+ Kh5 29. Qf3+ Kh4 30. Qh3# 1-0

[Event "Challenge"]
[Site "http://www.queenalice.com/game.php?id=1089288"]
[Date "2012.8.1"]
[Round "-"]
[White "Lenz"]
[Black "MONSTERXADREZ"]
[Result "0-1"]
[WhiteElo "1046"]
[BlackElo "1640"]

1. e4 Nf6 2. Nf3 Nxe4 3. d3 Nf6 4. h3 e5 5. Nxe5 d6 6. Nc4 d5 7. Be2 dxc4 8.
dxc4 Bb4+ 9. c3 Bd6 10. g4 b6 11. O-O Qe7 12. Qe1 Qe5 13. f4 Qc5+ 14. Kh1 Bb7+
15. Bf3+ Ne4 16. Bxe4 Bxe4+ 17. Qxe4+ Kd7 18. Qxa8 Qxc4 19. Nd2 Qc6+ 20. Nf3
Qxa8 21. Re1 Qxf3+ 22. Kh2 Qf2+ 23. Kh1 Qxe1+ 24. Kg2 Qe2+ 25. Kg3 h5 26. gxh5
Rxh5 27. b4 g5 28. a4 gxf4+ 29. Bxf4 Rg5+ 30. Kh4 Qh5# 0-1

[Event "LIGA 005"]
[Site "http://www.queenalice.com/game.php?id=1089289"]
[Date "2012.8.1"]
[Round "-"]
[White "Lenz"]
[Black "MONSTERXADREZ"]
[Result "0-1"]
[WhiteElo "1046"]
[BlackElo "1566"]

1. e4 Nf6 2. Nc3 e5 3. b4 Bxb4 4. a3 Bc5 5. Nf3 Bd6 6. Nd5 Nxe4 7. d3 Nc5 8. h4
c6 9. Nb4 O-O 10. Be2 e4 11. dxe4 Nxe4 12. Ng5 Nxg5 13. Bxg5 f6 14. Be3 c5 15.
Nd5 Be5 16. Bc4 Bxa1 17. Qxa1 Nc6 18. Nb6+ Kh8 19. Nxa8 Ne5 20. Bd5 b6 21. O-O
Ba6 22. Re1 Ng4 23. f3 Ne5 24. Qd1 f5 25. f4 Bc4 26. Be4 fxe4 27. fxe5 Qxa8 28.
Qxd7 Rf7 29. Qg4 a5 30. e6 Qc8 31. Qxe4 Bxe6 32. h5 Bf5 33. Qh4 Bxc2 34. h6 g6
35. Bd2 c4 36. Bc3+ Kg8 37. Bg7 g5 38. Qh5 Qc5+ 39. Kh2 Qd6+ 40. g3 Rf2+ 41. Kg1
Qxg3+ 42. Kh1 Qg2# 0-1

[Event "LIGA 006"]
[Site "http://www.queenalice.com/game.php?id=1089290"]
[Date "2012.8.1"]
[Round "-"]
[White "MONSTERXADREZ"]
[Black "Lenz"]
[Result "1-0"]
[WhiteElo "1558"]
[BlackElo "1046"]

1. Nf3 d5 2. e3 Nc6 3. Be2 e6 4. a4 a5 5. h4 g6 6. c3 Nf6 7. d4 h5 8. O-O b6 9.
Nbd2 Bh6 10. Bb5 Bd7 11. Ne5 Nxe5 12. dxe5 Ng4 13. Bxd7+ Qxd7 14. f4 Nxe3 15.
Qe2 Nxf1 16. Nxf1 c5 17. g3 c4 18. Be3 O-O 19. f5 Bxe3+ 20. Qxe3 gxf5 21. Qg5+
Kh8 22. Qxh5+ Kg7 23. Qg5+ Kh7 24. Ne3 f6 25. exf6 Rxf6 26. Qxf6 Qd8 27. Qxe6 d4
28. Qxf5+ Kg8 29. Nxc4 d3 30. Qg6+ Kf8 31. Nxb6 Rb8 32. Rf1+ Ke7 33. Re1+ Kf8
34. Qf5+ Kg7 35. Nd7 d2 36. Qe5+ Kh6 37. Qd6+ Kg7 38. Re7+ Qxe7 39. Qxe7+ Kh6
40. Nxb8 Kg6 41. Qd6+ Kf5 42. Qxd2 Ke5 43. Qd4+ Kf5 44. Qf4+ Ke6 45. Nc6 Kd7 46.
Ne5+ Kc7 47. h5 Kb6 48. h6 Kc5 49. h7 Kd6 50. Qd4+ Ke6 51. h8=Q Kf5 52. Qh5+ Kf6
53. Qd6+ Kg7 54. Qdg6+ Kf8 55. Qf7# 1-0

[Event "JOGO 001"]
[Site "http://www.queenalice.com/game.php?id=1093751"]
[Date "2012.8.16"]
[Round "-"]
[White "Lenz"]
[Black "MONSTERXADREZ"]
[Result "0-1"]
[WhiteElo "1046"]
[BlackElo "1545"]

1. e4 e5 2. d3 g6 3. b4 Bxb4+ 4. Bd2 Bxd2+ 5. Qxd2 b6 6. Nc3 Bb7 7. Nd5 c6 8.
Nb4 c5 9. Nd5 d6 10. O-O-O Nf6 11. Nxf6+ Qxf6 12. Ne2 Qxf2 13. d4 exd4 14. h4
Bxe4 15. Nc3 Qxd2+ 16. Rxd2 dxc3 17. Rxd6 Ke7 18. Rd1 Nc6 19. Bb5 Nd4 20. Bd3
Bxd3 21. Rxd3 Ne2+ 22. Kd1 c4 23. Re3+ Kf6 24. Rf1+ Kg7 25. Rxe2 Rhd8+ 26. Kc1
a5 27. Ref2 Ra7 28. g4 Rad7 29. Rg2 b5 30. h5 g5 31. Rh2 h6 32. Rf5 Rd1# 0-1

[Event "JOGO 002"]
[Site "http://www.queenalice.com/game.php?id=1093752"]
[Date "2012.8.16"]
[Round "-"]
[White "Lenz"]
[Black "MONSTERXADREZ"]
[Result "0-1"]
[WhiteElo "1046"]
[BlackElo "1556"]

1. e4 b6 2. d3 Bb7 3. b3 g6 4. Nf3 Bg7 5. a4 Bxa1 6. Bh6 Nxh6 7. Ne5 Bxe5 8. c3
O-O 9. d4 Bg7 10. Bc4 Bxe4 11. Nd2 Bxg2 12. Rg1 Bh3 13. Qf3 Bf5 14. Ne4 d5 15.
Ng5 dxc4 16. bxc4 e6 17. c5 f6 18. Nh3 bxc5 19. dxc5 Bg4 20. Qxa8 Bxh3 21. Qxa7
Nc6 22. Qa6 Qd7 23. Rg3 Bg4 24. f3 Bf5 25. a5 Bd3 26. h4 Bxa6 27. Rxg6 hxg6 28.
f4 Nxa5 29. f5 Nxf5 30. c6 Nxc6 31. c4 Bxc4 32. h5 gxh5 33. Kf2 Qd2+ 34. Kf3
Qe3+ 35. Kg2 Nh4+ 36. Kh2 Nf3+ 37. Kh3 Nce5 38. Kg2 Qg1+ 39. Kh3 Qg4# 0-1

[Event "Open 10"]
[Site "http://www.queenalice.com/game.php?id=1099833"]
[Date "2012.9.5"]
[Round "-"]
[White "MONSTERXADREZ"]
[Black "Lenz"]
[Result "1-0"]
[WhiteElo "1566"]
[BlackElo "1040"]

1. Nf3 Nc6 2. b3 d5 3. Bb2 Bg4 4. Ng5 h6 5. Nf3 f5 6. Nd4 Nxd4 7. Bxd4 b6 8. f3
Bh5 9. g3 g5 10. Bxh8 f4 11. g4 Bg6 12. d3 e6 13. Bb2 Bb4+ 14. c3 Ba5 15. b4 Rb8
16. Nd2 Ne7 17. bxa5 bxa5 18. Qc2 c5 19. O-O-O c4 20. Qa4+ Kf8 21. dxc4 dxc4 22.
Qxc4 1-0

[Event "Open 47"]
[Site "http://www.queenalice.com/game.php?id=1099834"]
[Date "2012.9.5"]
[Round "-"]
[White "MONSTERXADREZ"]
[Black "Lenz"]
[Result "1-0"]
[WhiteElo "1564"]
[BlackElo "1042"]

1. d4 Nc6 2. a4 e5 3. d5 Nd4 4. c3 Nf5 5. g3 Nf6 6. Bg2 d6 7. e4 Nh6 8. a5 b6 9.
a6 b5 10. Nf3 g5 11. Bxg5 c5 12. O-O b4 13. cxb4 cxb4 14. Qa4+ Bd7 15. Qxb4 Rb8
16. Qc3 Nxe4 17. Bxd8 Kxd8 18. Qa5+ Rb6 19. Nc3 Nxc3 20. bxc3 e4 21. Ng5 Rg8 22.
Nxe4 1-0

[Event "BR Open"]
[Site "http://www.queenalice.com/game.php?id=1099835"]
[Date "2012.9.5"]
[Round "-"]
[White "MONSTERXADREZ"]
[Black "Lenz"]
[Result "1-0"]
[WhiteElo "1562"]
[BlackElo "1044"]

1. b4 Nc6 2. a3 e5 3. c3 a5 4. b5 Na7 5. c4 c6 6. bxc6 bxc6 7. Nf3 f6 8. Nc3 Ba6
9. d3 Qb6 10. Rb1 Qc7 11. a4 Bb4 12. Bd2 Ne7 13. g3 Nf5 14. Bg2 Nd4 15. O-O c5
16. Nd5 Qd8 17. Bxb4 Rb8 18. Bxc5 Nxf3+ 19. Bxf3 d6 20. Bxa7 Ra8 21. Bb6 O-O 22.
Bxd8 1-0

[Event "AG Open"]
[Site "http://www.queenalice.com/game.php?id=1099836"]
[Date "2012.9.5"]
[Round "-"]
[White "MONSTERXADREZ"]
[Black "Lenz"]
[Result "1-0"]
[WhiteElo "1560"]
[BlackElo "1046"]

1. e4 e5 2. c4 Nc6 3. Nc3 Bb4 4. Nd5 Nge7 5. Nxb4 Nxb4 6. a3 Nd3+ 7. Bxd3 b6 8.
Nf3 g5 9. Nxg5 f6 10. Nf3 O-O 11. O-O Ng6 12. Be2 Nf4 13. d4 Nxe2+ 14. Qxe2 exd4
15. Nxd4 c5 16. Nf3 Re8 17. Qd3 Bb7 18. Nd2 Rc8 19. Qg3+ Kh8 20. b3 Bxe4 21.
Nxe4 Rxe4 22. Bb2 1-0